Piosenki YSE L0czka - Statystyki

Ogólne statystyki
  • Ten quiz został rozwiązany 12 razy
  • Średni wynik to 19 z 22
Statystyki odpowiedzi
prod. piosenka % Poprawnych
ognickkk Cashout
100%
delone x touchthwsky x mywaybeatz Chmury
100%
naury DARK FANTASY FREESTYLE
100%
cxlsh x Fein Jezioro
100%
bruttg Kask
100%
shvde Kolego to nie lean
100%
qwinKee Nadzieja umiera ostatnia
100%
Rollie NASZA GENERACJA
100%
Nick Voris + 9anyal Niebieska Kometa
100%
ognickkk OPIUM
100%
svlus SZ4CHY
100%
delone x touchthwsky x ayomercy Wahania nastroju
100%
ognickkk x synthetic Young speed enjoyers
100%
Rollie Assetto Freestyle
80%
bruttg Gulfstream
80%
Dweemy Phantom
80%
welswag Zawiodłem
80%
uzages19 beats Czarna Wdowa
60%
lemexx Ferrari
60%
bruttg Hellcat
60%
kj2turntt Loty
60%
beatsbyfrost x Jvsper Świat
60%
Nie znaleziono quizów pasujących do podanych kryteriów
Rozkład punktacji
Procent ludzi z każdym wynikiem
Percentyl według liczby udzielonych odpowiedzi
Twoja historia wyników
Nie rozwiązałeś tego quizu